000
00287nam a2200133Ia 4500
100
_a
Kumar/U.S
942
_c
BK
654
_a
digital
245
_a
Fundamentals of Digital circuits
260
_b
Prentice Hall
_c
2003
082
_a
621.3815
_b
KUM
300
_a
664
546
_a
ENGLISH
999
_c
32940
_d
32940